00492 a2200169 4500001000700000003000400007005001700011008004100028020001800069082001900087245009500106250001700201260004600218300001000264700002500274700002300299132857OSt20220221114157.0  a9788184503715 a658.0072bR31R1 aResearch methodology in management : theory and practicecedited by P.P. Arya and Yesh Pal a2nd rev. ed. aNew DelhibDeep & Deep Publicationsc2011 a640p. aArya, P. P. eEditor aPal, Yesh eEditor